Điều tra tình hình sử dụng thức ăn trong chăn nuôi bò thịt và khảo sát tính thích nghi, năng suất của một số giống cỏ tại tỉnh An Giang : Luận văn tốt nghiệp Cao học. Chuyên ngành Chăn nuôi

Đánh giá tình hình chăn nuôi bò thịt tại An Giang, tính thích nghi và năng suất của một số giống cỏ trồng tại tỉnh An Gaing.

Uloženo v:
Podrobná bibliografie
Hlavní autor: Nguyễn, Ni Lê
Médium: Kniha
Jazyk:Undetermined
Vydáno: Cần Thơ Trường Đại học Cần Thơ 2017
Témata:
Tagy: Přidat tag
Žádné tagy, Buďte první, kdo otaguje tento záznam!
Thư viện lưu trữ: Trung tâm Học liệu Trường Đại học Cần Thơ
LEADER 01090nam a2200205Ia 4500
001 CTU_224363
008 210402s9999 xx 000 0 und d
082 |a 636.2085 
082 |b L250 
100 |a Nguyễn, Ni Lê 
245 0 |a Điều tra tình hình sử dụng thức ăn trong chăn nuôi bò thịt và khảo sát tính thích nghi, năng suất của một số giống cỏ tại tỉnh An Giang : 
245 0 |b Luận văn tốt nghiệp Cao học. Chuyên ngành Chăn nuôi 
245 0 |c Nguyễn Ni Lê ; Đinh Văn Dũng, Đỗ Võ Anh Khoa (Cán bộ hướng dẫn) 
260 |a Cần Thơ 
260 |b Trường Đại học Cần Thơ 
260 |c 2017 
520 |a Đánh giá tình hình chăn nuôi bò thịt tại An Giang, tính thích nghi và năng suất của một số giống cỏ trồng tại tỉnh An Gaing. 
650 |a Cattle,Gia súc 
650 |x Feeding and feeds,Thức ăn và cho ăn 
980 |a Trung tâm Học liệu Trường Đại học Cần Thơ